Top 100 "E" Baby Boy Names - USA 2022 - Statistics

General Stats
  • This quiz has been taken 239 times
  • The average score is 41 of 100
Answer Stats
Answer % Correct
Eli
96%
Ean
90%
Eithan
89%
Elijah
89%
Ethan
89%
Edward
87%
Eric
86%
Erick
86%
Erik
86%
Evan
86%
Eddie
80%
Eddy
80%
Ever
78%
Eliot
75%
Eliott
75%
Elliot
75%
Elliott
75%
Ezra
69%
Ezrah
69%
Edwin
67%
Emmet
67%
Emmett
67%
Emmit
67%
Emmitt
67%
Elias
65%
Elyas
65%
Ellis
63%
Everett
63%
Everette
63%
Ernest
60%
Edgar
59%
Eden
58%
Easton
57%
Eastyn
57%
Eduardo
57%
Emerson
57%
Emil
57%
Emile
57%
Emanuel
53%
Emmanuel
53%
Ezekiel
52%
Ezequiel
52%
Enzo
51%
Edmond
50%
Edmund
50%
Earl
47%
Eugene
47%
Elton
45%
Emilio
45%
Emery
42%
Emory
42%
Elon
41%
Ernesto
39%
Edison
38%
Eren
38%
Enrique
37%
Ewan
36%
Emiliano
32%
Ellison
31%
Elvis
30%
Elio
29%
Esteban
28%
Elan
27%
Elmer
27%
Ender
26%
Everest
26%
Elian
25%
Elvin
24%
Eamon
17%
Ervin
17%
Elisha
16%
Enoch
15%
Ephraim
14%
Eesa
13%
Egypt
13%
Emir
13%
Evian
13%
Evander
10%
Eiden
8%
Eros
8%
Eydan
8%
Eliseo
7%
Efrain
6%
Eitan
6%
Efren
4%
Eliel
4%
Emari
4%
Eder
3%
Edson
3%
Elam
3%
Eleazar
3%
Eliam
3%
Eliezer
3%
Emrys
3%
Ermias
3%
Esai
3%
Ezio
3%
Eason
1%
Eliyahu
1%
Esdras
1%
No matching quizzes found
Score Distribution
Percent of People with Each Score
Percentile by Number Answered
Your Score History
You have not taken this quiz